[Event "Wch Silent (Women)"]
[Site "Malente"]
[Date "2004.07.30"]
[Round "7"]
[White "Buerki, Sarah"]
[Black "Marcinkeviciene, Egle"]
[Result "0-1"]
[WhiteElo "1805"]
[BlackElo "1805"]
[PlyCount "68"]
[EventDate "2004.07.25"]
[EventType "tourn"]
[EventRounds "11"]
[EventCountry "GER"]
[SourceTitle "EXT 2006"]
[Source "ChessBase"]
[SourceDate "2005.11.24"]
[SourceVersion "1"]
[SourceVersionDate "2005.11.24"]
[SourceQuality "1"]

1. e4 c5 2. Nc3 Nc6 3. Nf3 a6 4. Bc4 d6 5. d3 Nf6 6. Be3 Bg4 7. d4 cxd4 8. Bxd4 e6 9. Qd3 Bxf3 10. Qxf3 Nxd4 11. Qd1 Qb6 12. b3 Be7 13. Nd5 exd5 14. exd5 Qb4+ 15. Qd2 Nxc2+ 16. Kd1 Qxd2+ 17. Kxd2 Nxa1 18. Rxa1 0-0 19. Re1 Rae8 20. h3 Nh5 21. Re4 Bg5+ 22. Kd3 Nf4+ 23. Rxf4 Bxf4 24. g3 Bh6 25. a4 Re1 26. f4 Rfe8 27. b4 R1e3+ 28. Kd2 Rxg3 29. b5 axb5 30. Bxb5 Bxf4+ 31. Kd1 Ree3 32. Bd7 Rg2 33. Bc8 Ra3 34. Bd7 Ra1# 0-1

[Event "Wch Silent (Women)"]
[Site "Malente"]
[Date "2004.07.28"]
[Round "5"]
[White "Buerki, Sarah"]
[Black "Mucha, Annegret"]
[Result "0-1"]
[WhiteElo "1805"]
[BlackElo "1805"]
[PlyCount "62"]
[EventDate "2004.07.25"]
[EventType "tourn"]
[EventRounds "11"]
[EventCountry "GER"]
[SourceTitle "EXT 2006"]
[Source "ChessBase"]
[SourceDate "2005.11.24"]
[SourceVersion "1"]
[SourceVersionDate "2005.11.24"]
[SourceQuality "1"]

1. e4 c5 2. Nc3 Nc6 3. Bc4 g6 4. Nge2 Bg7 5. d3 e6 6. Be3 Nd4 7. Nf4 Ne7 8. Bb3 0-0 9. Bc4 a6 10. a4 b6 11. 0-0 Bb7 12. g3 d5 13. exd5 exd5 14. Nfxd5 Nxd5 15. Qd2 Nxc3 16. bxc3 Nf5 17. Rae1 Qd7 18. d4 cxd4 19. cxd4 Qc6 20. d5 Qxc4 21. Ra1 Nxe3 22. fxe3 Bxa1 23. Rxa1 Bxd5 24. Qd3 Qc6 25. a5 Bh1 26. Qe2 Rfe8 27. h4 Rxe3 28. Qf2 Rae8 29. Qf1 Re1 30. Rxe1 Rxe1 31. Qxe1 Qg2# 0-1

[Event "Wch Silent (Women)"]
[Site "Malente"]
[Date "2004.07.27"]
[Round "4"]
[White "Gonchar, Svitlana"]
[Black "Buerki, Sarah"]
[Result "1-0"]
[WhiteElo "2100"]
[BlackElo "1805"]
[PlyCount "61"]
[EventDate "2004.07.25"]
[EventType "tourn"]
[EventRounds "11"]
[EventCountry "GER"]
[SourceTitle "EXT 2006"]
[Source "ChessBase"]
[SourceDate "2005.11.24"]
[SourceVersion "1"]
[SourceVersionDate "2005.11.24"]
[SourceQuality "1"]

1. d4 e6 2. c4 Nc6 3. d5 Ne5 4. e4 d6 5. Nc3 Bd7 6. Nf3 Qf6 7. Be2 0-0-0 8. 0-0 Nh6 9. h3 Be7 10. Be3 Kb8 11. Kh1 Qg6 12. Nd4 Bf6 13. Bh5 Qxh5 14. Qxh5 a6 15. Qe2 Rhg8 16. b4 g5 17. dxe6 fxe6 18. Rab1 g4 19. Bxh6 gxh3 20. gxh3 Rg6 21. Be3 Rdg8 22. Rg1 Rf8 23. Rxg6 hxg6 24. f4 Rh8 25. Kg2 d5 26. fxe5 Bxe5 27. b5 Ka7 28. Nc6+ Ka8 29. Nxe5 Be8 30. bxa6 bxa6 31. Qb2 1-0

[Event "Wch Silent (Women)"]
[Site "Malente"]
[Date "2004.07.26"]
[Round "3"]
[White "Buerki, Sarah"]
[Black "Nazarova, Olga"]
[Result "0-1"]
[WhiteElo "1805"]
[BlackElo "2050"]
[PlyCount "52"]
[EventDate "2004.07.25"]
[EventType "tourn"]
[EventRounds "11"]
[EventCountry "GER"]
[SourceTitle "EXT 2006"]
[Source "ChessBase"]
[SourceDate "2005.11.24"]
[SourceVersion "1"]
[SourceVersionDate "2005.11.24"]
[SourceQuality "1"]

1. e4 d6 2. Nc3 Nf6 3. Bc4 g6 4. Nf3 Bg7 5. d3 0-0 6. 0-0 c5 7. Qe2 Nc6 8. Qe3 Qc7 9. Rd1 Bg4 10. Rd2 Bxf3 11. Qxf3 Bh6 12. b3 Nd4 13. Qh3 Bxd2 14. Bxd2 Nxc2 15. Rc1 Nd4 16. Rd1 a6 17. Bf4 Qa5 18. Na4 Ne2+ 19. Kf1 Nxf4 20. Qf3 Ne6 21. Qe3 Rad8 22. d4 cxd4 23. Rxd4 Nxd4 24. Qxd4 b5 25. Nc3 bxc4 26. Qxc4 Rc8 0-1